Abbreviations in photography - Statistics

General Stats
  • This quiz has been taken 349 times
  • The average score is 8 of 20
Answer Stats
Hint Answer % Correct
UV Ultraviolet
91%
RGB Red green blue
84%
AF Autofocus
73%
WB White balance
70%
FPS Frames per second
68%
DSLR Digital single-lens reflex
60%
DOF Depth of field
52%
HDR High dynamic range
52%
ND Neutral density
44%
TTL Through the lens
41%
VR (Nikon) Vibration Reduction
37%
FF Full frame
34%
EVF Electronic viewfinder
30%
IS (Canon) Image Stabilizer
21%
CA Chromatic aberration
19%
CCD Charge-coupled device
14%
APS-C Advanced Photo System type-C
7%
TIFF Tagged Image File Format
5%
CMOS Complementary metal oxide semiconductor
3%
Exif Exchangeable image file format
1%
No matching quizzes found
Score Distribution
Percent of People with Each Score
Percentile by Number Answered
Your Score History
You have not taken this quiz